Managerial cost Accounting / (Record no. 185930)
[ view plain ]
| 000 -LEADER | |
|---|---|
| fixed length control field | 00791 a2200229 4500 |
| 003 - CONTROL NUMBER IDENTIFIER | |
| control field | Nust |
| 005 - DATE AND TIME OF LATEST TRANSACTION | |
| control field | 20230118145137.0 |
| 010 ## - LIBRARY OF CONGRESS CONTROL NUMBER | |
| LC control number | 76047716 |
| 020 ## - INTERNATIONAL STANDARD BOOK NUMBER | |
| International Standard Book Number | 0256019053 |
| 040 ## - CATALOGING SOURCE | |
| Transcribing agency | Nust |
| 082 00 - DEWEY DECIMAL CLASSIFICATION NUMBER | |
| Classification number | 657.42,SHI |
| 100 1# - MAIN ENTRY--PERSONAL NAME | |
| Personal name | Shillinglaw, Gordon. |
| 9 (RLIN) | 44634 |
| 245 10 - TITLE STATEMENT | |
| Title | Managerial cost Accounting / |
| Statement of responsibility, etc. | Gordon Shillinglaw. |
| 250 ## - EDITION STATEMENT | |
| Edition statement | 4th ed. |
| 260 ## - PUBLICATION, DISTRIBUTION, ETC. | |
| Place of publication, distribution, etc. | Homewood, Ill. : |
| Name of publisher, distributor, etc. | R. D. Irwin, |
| Date of publication, distribution, etc. | 1977. |
| 300 ## - PHYSICAL DESCRIPTION | |
| Extent | xx, 981 p. : |
| Other physical details | ill. ; |
| Dimensions | 25 cm. |
| 490 0# - SERIES STATEMENT | |
| Series statement | The Willard J. Graham series in accounting |
| 505 ## - FORMATTED CONTENTS NOTE | |
| Formatted contents note | Part 1: The Basic Structure (Page-1), Part 2: Further Topics in Activity Costing and Decision (Page-333), Part 3: Further Topics in Periodic Planning and Control(Page-639). |
| 650 #0 - SUBJECT ADDED ENTRY--TOPICAL TERM | |
| Topical term or geographic name entry element | Cost accounting. |
| 650 #0 - SUBJECT ADDED ENTRY--TOPICAL TERM | |
| Topical term or geographic name entry element | Managerial accounting. |
| 9 (RLIN) | 24976 |
| 942 ## - ADDED ENTRY ELEMENTS (KOHA) | |
| Source of classification or shelving scheme | |
| Koha item type | Book |
| Withdrawn status | Lost status | Source of classification or shelving scheme | Damaged status | Not for loan | Permanent Location | Current Location | Shelving location | Date acquired | Full call number | Barcode | Date last seen | Price effective from | Koha item type | Public note |
|---|---|---|---|---|---|---|---|---|---|---|---|---|---|---|
| Military College of Signals (MCS) | Military College of Signals (MCS) | General Stacks | 12/12/2016 | 657.42,SHI | MCS21315 | 12/08/2016 | 12/12/2016 | Book | Almirah No.42, Shelf No.4 |
